Elaboración de un marco conceptual para evaluar la sostenibilidad de las actividades del sector agrícola y del sector forestal en las áreas tropicales de América Latina /

Saved in:
Bibliographic Details
Main Author: Müller, Sabine
Format: Text
Tags: Add Tag
No Tags, Be the first to tag this record!

MARC

LEADER 00000 a a2200000 04500
001 48090
003
040
100 |a Müller, Sabine  
245 |a Elaboración de un marco conceptual para evaluar la sostenibilidad de las actividades del sector agrícola y del sector forestal en las áreas tropicales de América Latina /  |c Sabine Müller  
773 |g páginas 149-196  
999 |c 39362  |d 39362